Statistics for WWE Women's Champions (original title)

Click here to take the quiz!

General Stats

  • This quiz has been taken 49 times
  • The average score is 17 of 29

Answer Stats

Number Last Answer % Correct
42006Lita
97%
72006Trish Stratus
97%
22010Michelle McCool
76%
31995Alundra Blayze
76%
41999The Fabulous Moolah
76%
22003Molly Holly
74%
12001Chyna
74%
32000Ivory
74%
32010Beth Phoenix
68%
12010Layla
65%
12007Candice Michelle
65%
22004Victoria
65%
22000Jacqueline
65%
22003Jazz
65%
12000Stephanie McMahon-Helmsley
59%
52010Mickie James
59%
32009Melina
56%
21985Wendi Richter
56%
11998Sable
53%
11999The Kat
47%
11999Debra
47%
11995Bertha Faye
38%
11987Sensational Sherri
38%
11985Leilani Kai
38%
12003Gail Kim
32%
11994Bull Nakano
32%
11988Rockin' Robin
26%
12000Hervina
24%
11986Velvet McIntyre
18%

Score Distribution

Percentile by Number Answered

Percent of People with Each Score

Your Score History

You have not taken this quiz